| 000 | 00573cam a22001817a 4500 | ||
|---|---|---|---|
| 020 | _a0748605975 (pbk.) | ||
| 020 | _a9780748605972 (pbk.) | ||
| 082 | 0 | 4 |
_a297.122 _bWAT _cD |
| 100 | 1 |
_aBell, Richard, _946981 |
|
| 245 | 1 | 0 |
_aBell's introduction to the Qur'an / _ccompletely revised and enlarged by W. Montgomery Watt. |
| 250 | _aPbk. ed. | ||
| 260 |
_aEdinburgh : _bEdinburgh University Press, _c2007. |
||
| 300 |
_axi, 258 p. ; _c22 cm. |
||
| 526 |
_a0 _b0 _c0 _d297_122000000000000_WAT |
||
| 650 |
_aMCE _9379 |
||
| 700 | 1 |
_aWatt, W. Montgomery _937105 |
|
| 942 |
_2ddc _cBK |
||
| 999 |
_c550289 _d550289 |
||